The American bankruptcy law journal

Provides image and full-text online access to back issues. Consult the online table of contents for specific holdings.

Detalles Bibliográficos
Título anterior:Journal of the National Conference of Referees in Bankruptcy (Online)
Autores Corporativos: National Conference of Bankruptcy Judges (U.S.), National Conference of Referees in Bankruptcy (U.S.)
Formato: Electrónico Revista
Lenguaje:inglés
Publicado: Bangor, Me. : National Conference of Referees in Bankruptcy, ©1971-
Materias:
Acceso en línea:Full text available from Research Library: 01/01/1998 to present

MARC

LEADER 00000nas a2200000 a 4500
001 ssj0001943
003 WaSeSS
005 20200512172242.0
006 m d
007 cr n
008 030507c19719999meuqr pss 0 a0eng
010 |a  2009268200 
022 |y 0027-9048 
035 |a (WaSeSS)ssj0001943 
040 |a AMH  |b eng  |c AMH  |d OCLCQ  |d LGG  |d OCLCQ  |d RLINP  |d UV0  |d AU@  |d NDO  |d OCLCQ  |d OCLCF  |d OCLCO  |d OCLCQ  |d WT2  |d OCLCQ  |d VT2  |d OCLCQ  |d WaSeSS 
042 |a pcc 
043 |a n-us--- 
050 0 0 |a K1  |b .M38 
052 |a 3700 
082 0 4 |a 346.73/078/05  |2 19 
130 0 |a American bankruptcy law journal (Online) 
245 1 4 |a The American bankruptcy law journal  |h [electronic resource]. 
246 1 3 |a Referee's journal 
260 |a Bangor, Me. :  |b National Conference of Referees in Bankruptcy,  |c ©1971- 
310 |a Quarterly 
362 0 |a Vol. 45, [no. 1] (winter 1971)- 
500 |a Title from journal title screen. 
506 |a License restrictions may limit access. 
520 |a Provides image and full-text online access to back issues. Consult the online table of contents for specific holdings. 
550 |a Volumes for 1971-summer 1973 issued by the National Conference of Referees in Bankruptcy; fall 1973- by the National Conference of Bankruptcy Judges. 
588 1 |a Vol. 83, issue 2 (spring 2009) (Hein Online, viewed Nov. 10, 2009). 
650 0 |a Bankruptcy  |z United States  |v Periodicals. 
650 0 |a Referees  |z United States  |v Periodicals. 
650 7 |a Bankruptcy.  |2 fast  |0 (OCoLC)fst00826826 
650 7 |a Referees.  |2 fast  |0 (OCoLC)fst01092364 
651 7 |a United States.  |2 fast  |0 (OCoLC)fst01204155 
655 0 |a Electronic journals. 
710 2 |a National Conference of Bankruptcy Judges (U.S.) 
710 2 |a National Conference of Referees in Bankruptcy (U.S.) 
776 0 8 |i Print version:  |t American bankruptcy law journal  |w (DLC) 73649215  |w (OCoLC)1479451 
780 0 0 |t Journal of the National Conference of Referees in Bankruptcy (Online)  |w (DLC) 2009268201  |w (OCoLC)52192874 
856 4 0 |z Full text available from Research Library: 01/01/1998 to present  |u https://search.proquest.com/publication/6952